The Law of Wakfs: (Record no. 19241)

MARC details
000 -LEADER
fixed length control field 00902 a2200253 4500
005 - DATE AND TIME OF LATEST TRANSACTION
control field 20081013150556.0
008 - FIXED-LENGTH DATA ELEMENTS--GENERAL INFORMATION
fixed length control field 081013t xxu||||| |||| 00| 0 eng d
010 ## - LCCN (DPL NO)
LC control number ENG-91891
020 ## - INTERNATIONAL STANDARD BOOK NUMBER
Terms of availability 650.00
International Standard Book Number 9788071772049
035 ## - SYSTEM CONTROL NUMBER
System control number EN-75424
037 ## - SOURCE OF ACQUISITION
Source of stock number/acquisition DBAD / PUB
040 ## - CATALOGING SOURCE
Original cataloging agency dpl
Language of cataloging English
082 ## - DEWEY DECIMAL CLASSIFICATION NUMBER
Classification number 346.54064
100 ## - MAIN ENTRY--PERSONAL NAME
Personal name Kader, S.A.
245 ## - TITLE STATEMENT
Title The Law of Wakfs:
Statement of responsibility, etc by S.A. Kader
Remainder of title an analytical and critical study /
250 ## - EDITION STATEMENT
Edition statement 2nd ed
260 ## - PUBLICATION, DISTRIBUTION, ETC. (IMPRINT)
Place of publication, distribution, etc Kolkata
Name of publisher, distributor, etc Eastern Law House
Date of publication, distribution, etc 2008
270 ## - ADDRESS
Address 54 Ganesh Chunder Avenue
City Kolkata
Postal code 700013
300 ## - PHYSICAL DESCRIPTION
Extent 44, 577p.
Dimensions 24 cm (Hb.)
500 ## - GENERAL NOTE
General note Includes index
650 ## - SUBJECT ADDED ENTRY--TOPICAL TERM
Topical term or geographic name as entry element Waqf
Geographic subdivision India
942 ## - ADDED ENTRY ELEMENTS (KOHA)
Institution code [OBSOLETE] dpl
Item type English Books
Source of classification or shelving scheme Dewey Decimal Classification
Call number suffix KAD
Classification part 346.54064
Holdings
Withdrawn status Lost status Source of classification or shelving scheme Damaged status Not for loan Collection code Home library Current library Date acquired Source of acquisition Cost, normal purchase price Total Checkouts Full call number Barcode Date last seen Copy number Cost, replacement price Koha item type
    Dewey Decimal Classification   Not For Loan Non-fiction D.B.Act.Division D.B.Act.Division 01/12/2008 DBAD / PUB 650.00   346.54064 KAD EN-75424 27/11/2008 1 650.00 English Books

© Delhi Public Library
Hit Counter
free hit counter